| 000 | 00637nam a2200229 u 4500 | ||
|---|---|---|---|
| 005 | 20240605063916.0 | ||
| 008 | 150506s2006 ag r 000 0 spa d | ||
| 020 | _a9501119327 | ||
| 035 | _aUPN01000217108 | ||
| 049 | _aI | ||
| 050 | 4 |
_aPZ74.9 _bG3.24 |
|
| 100 | 1 |
_aGaetán, Maura _936900 |
|
| 245 | 1 | 0 |
_aAladdín / _cadap. Maura Gaetán ; il. Van Gool. |
| 260 |
_aBuenos Aires : _bSigmar, _cc2006. |
||
| 300 |
_a[23] p. : _bprincipalmente il. col. |
||
| 440 | 0 | _aSé leer | |
| 650 | 4 |
_aCuentos infantiles _96744 |
|
| 650 | 2 |
_aCuentos de aventuras _99134 |
|
| 650 | 4 |
_aGenios _910765 |
|
| 905 | _aInfantil | ||
| 999 |
_c189208 _d189208 |
||